000 00585nam a22001817a 4500
005 20250903145637.0
010 _aENG-146606
020 _a9788195931965
_c250.00
035 _aEN-130138
037 _bDBAD
082 _a306.7660954
100 _aKarmakar, Dani
_984631
245 _aTheatre & Sexuality/
_cDani karmakar
260 _aKolkata
_bRabindra Nagar Natyaayudh
_c30 June, 2024
270 _a3, West Rabindra Nagar, Dum Dum cantonment,
_bKolkata
_mnatyaayudh.theatre@gmail.com
_e700065
300 _a80p.
_c20cm(pbk)
942 _2ddc
_cEN
_h306.7660954
_mKAR
999 _c213297
_d213297